| 000 | 00856nam a22002297a 4500 | ||
|---|---|---|---|
| 999 |
_c15352 _d15352 |
||
| 003 | MIRAKIL | ||
| 005 | 20240213154002.0 | ||
| 008 | 240213b tu ||||| |||| 00| 0 tur d | ||
| 020 | _a9756813695 | ||
| 040 |
_aTR-AnCHP _cTR-AnCHP |
||
| 041 | _aTürkçe | ||
| 082 |
_a782.1092 _bK23a 2005 |
||
| 090 | _a782.1092 K23a 2005 | ||
| 100 | _aKahramankaptan, Şefik | ||
| 245 | 1 | 0 |
_a2004 onur ödülü altın madalyası sahibi Ayhan Baran'a armağan : _bBel Canto'nun efsâne ustası / _cŞefik Kahramankaptan |
| 260 |
_aAnkara : _bSevda-Cenap And Müzik Vakfı, _c2005 |
||
| 300 |
_a220 s. : _bres., fotoğ. ; _c20 cm + _e1 CD |
||
| 490 | 0 |
_aOnur ödülü altın madalyası sahipleri dizisi ; _vno: 17 |
|
| 650 | 0 |
_97506 _aOpera sanatçıları |
|
| 856 | _zDijital Nüshası için Partimizin Kütüphane Sorumlusu ile iletişime geçiniz. | ||
| 942 |
_2ddc _cBKS |
||